000 00683nam a2200229 a 4500
001 BRCA_3502
005 20190320204318.0
008 250709s1949----mx-#---###---#000-0#spa-#
041 _aspa
044 _amx
050 4 _aPQ7297
_b.O78 1949
100 1 _aOrtíz Vidales, Salvador.
_99109
245 1 0 _aLos bandidos en la literatura mexicana
_cSalvador Ortíz Vidales.
260 _aMéxico
_bTehutle
_c1949
300 _a80 p.
_c21 cm.
500 _aB87.
600 1 4 _aPayno Manuel
_d1810-1894
_xLos bandidos de Río Frío.
_99110
600 1 4 _aAltamirano, Ignacio Manuel
_d1834-1893
_xEl Zarco.
_99111
650 1 4 _aBandoleros y ladrones.
_99112
902 _aGFM
942 _2lcc
_cB
999 _c3237
_d3237